| 000 -CABECERA |
| campo de control de longitud fija |
00875nam a2200265 u 4500 |
| 001 - NÚMERO DE CONTROL |
| campo de control |
000057383 |
| 005 - FECHA Y HORA DE LA ÚLTIMA TRANSACCIÓN |
| campo de control |
20200120223603.0 |
| 008 - DATOS DE LONGITUD FIJA--INFORMACIÓN GENERAL |
| campo de control de longitud fija |
130628s2005 ck a gr 000 0 spa d |
| 020 ## - NÚMERO INTERNACIONAL ESTÁNDAR DEL LIBRO |
| Número Internacional Estándar del Libro |
9583016462. |
| 041 ## - CÓDIGO DE LENGUA |
| Código de lengua del texto/banda sonora o título independiente |
spa |
| 043 0# - CÓDIGO DE ÁREA GEOGRÁFICA |
| Código de área geográfica |
e-gw--- |
| 082 04 - NÚMERO DE LA CLASIFICACIÓN DECIMAL DEWEY |
| Número de clasificación |
927.862 |
| Número de documento/Ítem |
C81 |
| Número de edición |
21 |
| 100 1# - ENTRADA PRINCIPAL--NOMBRE DE PERSONA |
| Nombre de persona |
Cuberos de Valencia, Beatriz |
| 245 10 - MENCIÓN DE TÍTULO |
| Título |
Ludwig van Beethoven : |
| Resto del título |
del silencio a la inmortalidad / |
| Mención de responsabilidad, etc. |
Beatriz Cuberos de Valencia ; dirección editorial Conrado Zuluaga. |
| 250 ## - MENCIÓN DE EDICIÓN |
| Mención de edición |
1a. ed. |
| 260 ## - PUBLICACIÓN, DISTRIBUCIÓN, ETC. |
| Lugar de publicación, distribución, etc. |
Bogotá : |
| Nombre del editor, distribuidor, etc. |
Panamericana Editorial, |
| Fecha de publicación, distribución, etc. |
2005. |
| 300 ## - DESCRIPCIÓN FÍSICA |
| Extensión |
146 p. : |
| Otras características físicas |
il., fots. |
| 490 0# - MENCIÓN DE SERIE |
| Mención de serie |
100 personajes-autores |
| 500 ## - NOTA GENERAL |
| Nota general |
Cronología a final del texto |
| 504 ## - NOTA DE BIBLIOGRAFÍA, ETC. |
| Nota de bibliografía, etc. |
Incluye bibliografía |
| 600 17 - PUNTO DE ACCESO ADICIONAL DE MATERIA--NOMBRE DE PERSONA |
| Nombre de persona |
Beethoven, Ludwig van, |
| Fechas asociadas al nombre |
1770-1827. |
| 650 17 - PUNTO DE ACCESO ADICIONAL DE MATERIA--TÉRMINO DE MATERIA |
| Término de materia o nombre geográfico como elemento de entrada |
Músicos alemanes |
| Subdivisión de forma |
Biografías. |
| Fuente del encabezamiento o término |
LEMB. |
| 651 17 - PUNTO DE ACCESO ADICIONAL DE MATERIA--NOMBRE GEOGRÁFICO |
| Nombre geográfico |
Alemania |
| Subdivisión general |
Historia |
| 700 1# - PUNTO DE ACCESO ADICIONAL--NOMBRE DE PERSONA |
| Nombre de persona |
Zuluaga, Conrado, |
| Término indicativo de función/relación |
editor. |